| 000 | 01152cad a22002055a 4500 | ||
|---|---|---|---|
| 001 | L151743 | ||
| 008 | 101206e20101203xxk 000 0 eng d | ||
| 035 | _a(Sirsi) u151743 | ||
| 041 | 0 | _aeng | |
| 110 | 2 |
_aOrdnance Survey _91860 |
|
| 245 | 0 | 0 |
_aGovernment initiative for national addressing _h[electronic resource] |
| 260 | _c2010 | ||
| 490 |
_aOrdnance Survey News Release _v3 December 2010 |
||
| 520 | _aNational Address Gazetteer Database to be created by bringing together the system from local authorities and Ordnance Survey to ensure access to a definitive database of addresses in England and Wales. This will provide a platform for collaborative working between local authorities, central government and local service providers. For further information: http://www.ordnancesurvey.co.uk/oswebsite/products/national-address-gazetteer/index.html | ||
| 590 | _aKA NTK | ||
| 651 | 4 |
_aEngland and Wales _y1543- |
|
| 690 | _aENVIRONMENTAL AND LAND CONSULTANCY-GEOMATICS | ||
| 856 | 4 | 0 |
_uhttps://www.ordnancesurvey.co.uk/oswebsite/media/news/2010/dec/nationaladdressing.html _zView the item free of charge at www.ordnancesurvey.co.uk |
| 942 | _n0 | ||
| 999 |
_c82845 _d82845 |
||